000 01125cam a22002651i 4500
003 SA-RiAUC
005 20250513101148.0
008 250513s1999 ||| g i000 0 ara c
040 _aSA-JeALM
_bara
_cSA-RiAUC
_erda
082 0 4 _a219.3
090 _a219.3
_b ا ب و س
100 1 _aأبو سليمان، عبد الحميد أحمد،
_d1355-1443 هجري
_eمؤلف.
245 1 2 _aالعنف وإدارة الصراع السياسي بين المبدأ والخيار :
_bرؤية إسلامية /
_cعبد الحميد أحمد أبو سليمان.
264 1 _aهيرندن , أمريكا :
_bالمعهد العالمي للفكر الإسلامي،
_c1999
300 _a61 صفحة
336 _aنص
_btxt
_2rdacontent
_3كتاب
337 _aبدون وسيط
_bn
_2rdamedia
338 _aمجلد
_bnc
_2rdacarrier
490 _aسلسلة أبحاث علمية
_v16
650 7 _aالإسلام والإصلاح السياسي
_2aucsh
650 7 _aالإسلام والعنف
_2aucsh
650 7 _aالعنف السياسي
_2aucsh
942 _2ddc
_cBOOK
_n0
949 _aSA-JeALM
_d250513
_umohamedma123
_n1
999 _c7903
_d7903